The colors of space / (Record no. 48237)
[ view plain ]
| 000 -LEADER | |
|---|---|
| fixed length control field | 00818cam a2200265 a 4500 |
| 001 - CONTROL NUMBER | |
| control field | 442873 |
| 003 - CONTROL NUMBER IDENTIFIER | |
| control field | Nust |
| 005 - DATE AND TIME OF LATEST TRANSACTION | |
| control field | 20220831102600.0 |
| 008 - FIXED-LENGTH DATA ELEMENTS--GENERAL INFORMATION | |
| fixed length control field | 820319s1983 vaua 000 1 eng |
| 010 ## - LIBRARY OF CONGRESS CONTROL NUMBER | |
| LC control number | 82005008 |
| 020 ## - INTERNATIONAL STANDARD BOOK NUMBER | |
| International Standard Book Number | 0898651913 (pbk.) : |
| Terms of availability | Rs. 291.56 |
| 020 ## - INTERNATIONAL STANDARD BOOK NUMBER | |
| International Standard Book Number | 978-0898651911 |
| 038 ## - RECORD CONTENT LICENSOR | |
| Staff Name | Arshad |
| 040 ## - CATALOGING SOURCE | |
| Original cataloging agency | DLC |
| Transcribing agency | DLC |
| Modifying agency | DLC |
| 050 00 - LIBRARY OF CONGRESS CALL NUMBER | |
| Classification number | PS3552.R228 |
| Item number | C6 1983 |
| 082 00 - DEWEY DECIMAL CLASSIFICATION NUMBER | |
| Classification number | 823 |
| Author Mark | BAR |
| 100 1# - MAIN ENTRY--PERSONAL NAME | |
| Personal name | Bradley, Marion Zimmer. |
| 9 (RLIN) | 11752 |
| 245 14 - TITLE STATEMENT | |
| Title | The colors of space / |
| Statement of responsibility, etc. | by Marion Zimmer Bradley ; edited by Hank Stine ; illustrated by Barbi Johnson. |
| 260 ## - PUBLICATION, DISTRIBUTION, ETC. | |
| Place of publication, distribution, etc. | Norfolk, Va. : |
| Name of publisher, distributor, etc. | Donning Co., |
| Date of publication, distribution, etc. | 1983. |
| 300 ## - PHYSICAL DESCRIPTION | |
| Extent | 141 p. : |
| Other physical details | ill. ; |
| Dimensions | 22 cm. |
| 655 #7 - INDEX TERM--GENRE/FORM | |
| Genre/form data or focus term | Science fiction. |
| Source of term | gsafd |
| 9 (RLIN) | 1086 |
| 700 1# - ADDED ENTRY--PERSONAL NAME | |
| Personal name | Stine, Hank. |
| 9 (RLIN) | 11753 |
| 906 ## - LOCAL DATA ELEMENT F, LDF (RLIN) | |
| a | 7 |
| b | cbc |
| c | orignew |
| d | 1 |
| e | ocip |
| f | 19 |
| g | y-gencatlg |
| 942 ## - ADDED ENTRY ELEMENTS (KOHA) | |
| Source of classification or shelving scheme | |
| Koha item type | Book |
| Withdrawn status | Lost status | Source of classification or shelving scheme | Damaged status | Not for loan | Permanent Location | Current Location | Shelving location | Date acquired | Total Checkouts | Full call number | Barcode | Date last seen | Date last checked out | Copy number | Price effective from | Koha item type |
|---|---|---|---|---|---|---|---|---|---|---|---|---|---|---|---|---|
| Central Library (CL) | Central Library (CL) | Fiction | 01/12/2017 | 1 | 823 BAR | CL1120 | 01/25/2018 | 01/18/2018 | 1 | 01/12/2017 | Book |
